Tropezón de la risa / (Record no. 96620)

MARC details
000 -LEADER
campo de control de longitud fija 00682nam a2200181 i 4500
001 - NÚMERO DE CONTROL
campo de control 96620
003 - IDENTIFICADOR DE NÚMERO DE CONTROL
campo de control ES-MaACL
005 - FECHA Y HORA DE LA ÚLTIMA TRANSACCIÓN
campo de control 20251009181745.0
007 - CAMPO FIJO DE DESCRIPCIÓN FÍSICA--INFORMACIÓN GENERAL
campo de control de longitud fija t|
008 - DATOS DE LONGITUD FIJA--INFORMACIÓN GENERAL
campo de control de longitud fija 050629s1950 sp ||||1| spa d
100 1# - ENTRADA PRINCIPAL--NOMBRE DE PERSONA
Nombre de persona Maluenda, Jacinto Alonso.
9 (RLIN) 75873
245 10 - MENCIÓN DEL TÍTULO
Título Tropezón de la risa /
Mención de responsabilidad, etc. compuesto por Don Jacinto Alonso Maluenda; dedicado a Don Juan Alonso de Maluenda...Valencia, Sylvestre Esparza; [edición presentada por Antonio Pérez y Gómez].
260 ## - PUBLICACIÓN, DISTRIBUCIÓN, ETC.
Lugar de publicación, distribución, etc. Valencia :
Nombre del editor, distribuidor, etc. Sylvestre Esparza,
Fecha de publicación, distribución, etc. 1950.
300 ## - DESCRIPCIÓN FÍSICA
Extensión 4 h., 104 p., 4 h. ;
Dimensiones 25 cm.
700 0# - ENTRADA AGREGADA--NOMBRE PERSONAL
Nombre de persona Pérez y Gómez, Antonio,
Fechas asociadas al nombre 1902-1976
9 (RLIN) 91216
852 ## - LOCALIZACIÓN
Ubicación ES-MaACL
Número de control de estantería D-7125
Sublocalización o colección R.30206
Holdings
Estatus retirado Estado de pérdida Estado de daño No para préstamo Biblioteca de origen Biblioteca actual Ubicación en estantería Fecha de adquisición Fuente de adquisición Total de préstamos Signatura topográfica completa Código de barras Visto por última vez Precio de reemplazo Tipo de ítem Koha
        Biblioteca del Ateneo de Madrid Biblioteca del Ateneo de Madrid Sala Valle Inclán 17/01/2008     D-7125 901100872 23/02/2023 23/02/2023 Libro impreso